000 00281nam a2200121Ia 4500
008 190216s9999||||xx |||||||||||||| ||und||
100 _aBose S K
245 0 _aSurendranath Banerjea
260 _bKerala Bhasha Institute
_c1975
300 _a226p
650 _aHistory
942 _cBK
999 _c38046
_d38046